|
|
|
|
| LEADER |
00000cam a2200000 7i4500 |
| 001 |
0000003950 |
| 005 |
20220105103954.0 |
| 008 |
070720 |
| 020 |
|
|
|a 0721415466
|
| 090 |
0 |
0 |
|a JP
|b FT ENG (5107)
|
| 245 |
0 |
4 |
|a The elves and the shoemaker
|c This Ladybird retelling by Audrey Daly;Illustrated by Peter Stevenson
|
| 260 |
|
|
|a London :
|b Ladybird books Ltd ,
|c 1993
|
| 440 |
|
|
|a Ladybird favourite tales
|
| 500 |
|
|
|a Children age 4-6 years old (yellow)
|
| 650 |
|
0 |
|a Fairy tale
|
| 650 |
|
0 |
|a Junior preschool
|x English
|x Languages
|
| 700 |
0 |
|
|a Stevenson,Peter
|
| 999 |
|
|
|a 0000894239
|b Book
|c Children Collection
|e Cawangan Tmn. Ungku Tun Aminah
|
| 999 |
|
|
|a 0000894241
|b Book
|c Children Collection
|e Cawangan Bandar Penawar
|
| 999 |
|
|
|a 0000894247
|b Book
|c Children Collection
|e Cawangan Tmn. Ungku Tun Aminah
|
| 999 |
|
|
|a 0000894248
|b Book
|c Children Collection
|e Cawangan Segamat
|
| 999 |
|
|
|a 0000894249
|b Book
|c Children Collection
|e Cawangan Mersing
|
| 999 |
|
|
|a 0000972716
|b Book
|c Children Collection
|e Perbadanan Perpustakaan Awam Johor
|
| 999 |
|
|
|a 0000972717
|b Book
|c Children Collection
|e Perbadanan Perpustakaan Awam Johor
|
| 999 |
|
|
|a 0000972718
|b Book
|c Children Collection
|e Cawangan Mersing
|
| 999 |
|
|
|a 0000972719
|b Book
|c Children Collection
|e Perbadanan Perpustakaan Awam Johor
|
| 999 |
|
|
|a 0000972720
|b Book
|c Children Collection
|e Perbadanan Perpustakaan Awam Johor
|